[Event "PNWCC Online blitz JP 8th"]
[Site "Chess.com INT"]
[Date "2020.05.02"]
[Round "1"]
[White "Ho, Carter"]
[Black "Khanin, Semen"]
[Result "0-1"]
[WhiteElo "1415"]
[BlackElo "2482"]
[PlyCount "56"]
[EventDate "2020.05.02"]
[EventType "swiss (blitz)"]
[EventRounds "11"]
[EventCountry "USA"]
[SourceTitle "CBM 195 Extra"]
[Source "ChessBase"]
[SourceDate "2020.05.31"]
[SourceVersion "1"]
[SourceVersionDate "2020.05.31"]
[SourceQuality "1"]

1. e4 c5 2. Nf3 e6 3. d4 cxd4 4. Nxd4 Nc6 5. Nc3 Qc7 6. Be3 a6 7. Qd2 Nf6 8. f3 Be7 9. 0-0-0 Nxd4 10. Bxd4 b5 11. g4 Bb7 12. h4 b4 13. Ne2 e5 14. Be3 d5 15. g5 Nh5 16. exd5 Rd8 17. Bh3 Bxd5 18. Qe1 0-0 19. Ng3 Bxf3 20. Rxd8 Rxd8 21. Nxh5 Bxh5 22. Bd2 Bg6 23. c3 Qa5 24. a3 bxa3 25. bxa3 Qa4 26. Bf5 Bxf5 27. Qe4 Bxe4 28. Kb2 Qxa3# 0-1

[Event "PNWCC Online blitz JP 8th"]
[Site "Chess.com INT"]
[Date "2020.05.02"]
[Round "4"]
[White "Ho, Carter"]
[Black "Wu, Rochelle"]
[Result "0-1"]
[WhiteElo "1415"]
[BlackElo "2028"]
[PlyCount "86"]
[EventDate "2020.05.02"]
[EventType "swiss (blitz)"]
[EventRounds "11"]
[EventCountry "USA"]
[SourceTitle "CBM 195 Extra"]
[Source "ChessBase"]
[SourceDate "2020.05.31"]
[SourceVersion "1"]
[SourceVersionDate "2020.05.31"]
[SourceQuality "1"]

1. e4 g6 2. d4 Bg7 3. Nc3 d6 4. f4 Nd7 5. Nf3 e6 6. Bd3 Ne7 7. 0-0 0-0 8. Be3 f5 9. e5 Nb6 10. Ne2 Bd7 11. Qe1 d5 12. a4 Nc4 13. Bc1 b5 14. b3 Nb6 15. a5 Nbc8 16. Ba3 Re8 17. Nd2 Nc6 18. Bxb5 Nxe5 19. dxe5 Bxb5 20. c4 dxc4 21. bxc4 Bc6 22. Nf3 Qd3 23. Qc3 Qxc3 24. Nxc3 Bf8 25. Nd4 Bd7 26. Bxf8 Kxf8 27. Rab1 c5 28. Ndb5 Bxb5 29. Nxb5 Re7 30. Rbd1 Ke8 31. Rd2 a6 32. Nd6+ Nxd6 33. Rxd6 Kf7 34. Rc6 Raa7 35. Rxc5 Rec7 36. Rxc7+ Rxc7 37. Rc1 Rc5 38. Kf2 Ke7 39. Ke3 Rxa5 40. c5 Kd7 41. Kd4 Kc6 42. Rb1 Rxc5 43. Rd1 Rd5+ 0-1